[Event "Pardubice Czech op-D 30th"]
[Site "Pardubice"]
[Date "2019.07.21"]
[Round "2"]
[White "Norgall, Marc"]
[Black "Lajsek, Tomas"]
[Result "1/2-1/2"]
[WhiteElo "1399"]
[BlackElo "1686"]
[PlyCount "42"]
[EventDate "2019.07.20"]
[EventType "swiss"]
[EventRounds "9"]
[EventCountry "CZE"]
[SourceTitle "EXT 2020"]
[Source "ChessBase"]
[SourceDate "2019.10.17"]
[SourceVersion "1"]
[SourceVersionDate "2019.10.17"]
[SourceQuality "1"]

1. d4 b5 2. Bf4 Bb7 3. e3 Nf6 4. Nf3 a6 5. Bd3 e6 6. 0-0 c5 7. Be2 Nc6 8. Nc3 Be7 9. dxc5 Bxc5 10. Bd6 Bxd6 11. Qxd6 Qb8 12. Qd3 0-0 13. Ne4 Nxe4 14. Qxe4 Ne7 15. Qh4 Ng6 16. Qh5 Bxf3 17. Bxf3 Ra7 18. Rad1 Qe5 19. Rd4 Qxh5 20. Bxh5 d5 21. Rfd1 Ne7 1/2-1/2

[Event "Prague Golden op 13th"]
[Site "Prague"]
[Date "2017.07.08"]
[Round "8"]
[White "Lajsek, Tomas"]
[Black "Bartos, Vaclav"]
[Result "1-0"]
[WhiteElo "1760"]
[BlackElo "1371"]
[PlyCount "89"]
[EventDate "2017.07.01"]
[EventType "swiss"]
[EventRounds "9"]
[EventCountry "CZE"]
[SourceTitle "CBM 179 Extra"]
[Source "ChessBase"]
[SourceDate "2017.08.23"]
[SourceVersion "1"]
[SourceVersionDate "2017.08.23"]
[SourceQuality "1"]

1. e4 c5 2. c3 e6 3. d4 cxd4 4. cxd4 d5 5. exd5 exd5 6. Nf3 Nf6 7. Nc3 Bg4 8. Be2 Bd6 9. 0-0 0-0 10. h3 Bh5 11. Bg5 Be7 12. Qb3 Nc6 13. Qxb7 Na5 14. Qa6 h6 15. Bf4 Ne4 16. Ne5 Bxe2 17. Nxe2 Bf6 18. b3 Bxe5 19. Bxe5 f6 20. Bh2 Rf7 21. Rac1 Nb7 22. Nc3 f5 23. Qe6 Qd7 24. Qxd7 Rxd7 25. f3 Nf6 26. Nb5 a6 27. Nc7 Ra7 28. Be5 Nd8 29. Rc2 Kf7 30. Rfc1 Ne8 31. Nxe8 Kxe8 32. Rc8 Kf7 33. Kf2 Ne6 34. R1c6 Ke7 35. Rc1 Kf7 36. Ke3 Ke7 37. R1c2 Kf7 38. R2c3 f4+ 39. Bxf4 Nxf4 40. Kxf4 Rd6 41. R8c7+ Rxc7 42. Rxc7+ Kf6 43. Rc5 h5 44. h4 Kg6 45. Ke5 1-0

[Event "Prague Golden op 13th"]
[Site "Prague"]
[Date "2017.07.03"]
[Round "3"]
[White "Rous, Dominik"]
[Black "Lajsek, Tomas"]
[Result "0-1"]
[WhiteElo "1148"]
[BlackElo "1760"]
[PlyCount "86"]
[EventDate "2017.07.01"]
[EventType "swiss"]
[EventRounds "9"]
[EventCountry "CZE"]
[SourceTitle "CBM 179 Extra"]
[Source "ChessBase"]
[SourceDate "2017.08.23"]
[SourceVersion "1"]
[SourceVersionDate "2017.08.23"]
[SourceQuality "1"]

1. d4 d5 2. Bf4 c5 3. e3 e6 4. c3 Nf6 5. Bd3 cxd4 6. cxd4 Bd6 7. Bxd6 Qxd6 8. Qc2 0-0 9. Nf3 Nc6 10. Ng5 Nb4 11. Qc3 Bd7 12. Qd2 Rac8 13. Nc3 Nxd3+ 14. Qxd3 Qb4 15. Qd2 Bb5 16. Nxb5 Qxb5 17. Nf3 Ne4 18. Qe2 Qxe2+ 19. Kxe2 Rc2+ 20. Ke1 Rxf2 21. Ng5 Rxb2 22. Nxe4 dxe4 23. a4 Rc8 24. Rf1 Rxg2 25. Rf2 Rg1+ 26. Rf1 Rxf1+ 27. Kxf1 Rc2 28. Kg1 Kf8 29. Rb1 b6 30. a5 bxa5 31. Ra1 Re2 32. Rxa5 Rxe3 33. Kf2 Rd3 34. Rxa7 Rxd4 35. Ke3 Rb4 36. Rc7 g6 37. Rd7 Kg7 38. Rd4 Rxd4 39. Kxd4 f5 40. Ke3 Kf6 41. Kf4 e5+ 42. Ke3 Kg5 43. Kf2 Kf4 0-1

[Event "Prague Golden op 13th"]
[Site "Prague"]
[Date "2017.07.02"]
[Round "2"]
[White "Lajsek, Tomas"]
[Black "Rezek, Filip"]
[Result "1-0"]
[WhiteElo "1760"]
[BlackElo "1199"]
[PlyCount "77"]
[EventDate "2017.07.01"]
[EventType "swiss"]
[EventRounds "9"]
[EventCountry "CZE"]
[SourceTitle "CBM 179 Extra"]
[Source "ChessBase"]
[SourceDate "2017.08.23"]
[SourceVersion "1"]
[SourceVersionDate "2017.08.23"]
[SourceQuality "1"]

1. e4 c6 2. d4 d5 3. Nc3 dxe4 4. Nxe4 Bf5 5. Ng3 Bg6 6. Nf3 e6 7. Bd3 Bxd3 8. Qxd3 Bd6 9. Bd2 Nf6 10. 0-0-0 Nbd7 11. Rde1 Qc7 12. Nf5 Rg8 13. Ng5 Nf8 14. Qb3 0-0-0 15. Nxd6+ Rxd6 16. Bf4 Ne8 17. Bxd6 Nxd6 18. Kb1 h6 19. Nf3 Nd7 20. h3 Nf6 21. a3 Nde4 22. Re2 Qf4 23. Qe3 Qxe3 24. Rxe3 Nxf2 25. Rhe1 N2e4 26. Rxe4 Nxe4 27. Rxe4 Rd8 28. c3 Rd5 29. Re5 Rd7 30. Kc2 Kc7 31. Nd2 Rd6 32. Ne4 Rd7 33. b3 Re7 34. Ng3 f6 35. Re2 g5 36. Kd3 Kd6 37. Ne4+ Kd7 38. Nxf6+ Kc7 39. Ng4 1-0

[Event "Prague Golden op 13th"]
[Site "Prague"]
[Date "2017.07.01"]
[Round "1"]
[White "Rosenbaumova, Lea"]
[Black "Lajsek, Tomas"]
[Result "1-0"]
[WhiteElo "1559"]
[BlackElo "1760"]
[PlyCount "59"]
[EventDate "2017.07.01"]
[EventType "swiss"]
[EventRounds "9"]
[EventCountry "CZE"]
[SourceTitle "CBM 179 Extra"]
[Source "ChessBase"]
[SourceDate "2017.08.23"]
[SourceVersion "1"]
[SourceVersionDate "2017.08.23"]
[SourceQuality "1"]

1. e4 e5 2. Nf3 Nf6 3. Nc3 Nc6 4. d4 exd4 5. Nxd4 d6 6. Bb5 Bd7 7. 0-0 Nxd4 8. Qxd4 Bxb5 9. Nxb5 a6 10. Nc3 Be7 11. Bf4 0-0 12. Rad1 Nh5 13. e5 Nxf4 14. Qxf4 Qe8 15. Rfe1 dxe5 16. Rxe5 Rd8 17. Nd5 Bd6 18. Rxe8 Rfxe8 19. Qg4 Re6 20. g3 Rde8 21. Kg2 h6 22. Qc4 c6 23. Nf4 Rf6 24. Nd3 Rfe6 25. Nc5 Bxc5 26. Qxc5 Re5 27. Qc3 R8e7 28. Rd3 Rb5 29. a4 Rbe5 30. Re3 1-0